| 000 | 00637nam a2200205Ia 4500 | ||
|---|---|---|---|
| 003 | IN-BaIIA | ||
| 008 | 211028s9999 xx 000 0 eng d | ||
| 020 | _a0-909203-75-X | ||
| 040 | _cIIA Library | ||
| 080 |
_a082.2:52 _bIAU-C50 |
||
| 100 |
_aTango, W. J. _910985 |
||
| 245 | 0 |
_aHigh angular resolution stellar interferometry _cWilliam J ango and John Davis |
|
| 260 |
_aAustralia _bChatterton Astronomy Department _c1979 |
||
| 300 | _a[various pagings.] | ||
| 650 | _aAstronomy and astrophysics thesaurus | ||
| 650 |
_aInterferometry _93249 |
||
| 650 |
_aStellar interferometry _910986 |
||
| 700 |
_aDavis, J _910987 |
||
| 942 | _cBK | ||
| 999 |
_c6404 _d6404 |
||